<?xml version="1.0" encoding="UTF-8"?>
<record
    xmlns:xsi="http://www.w3.org/2001/XMLSchema-instance"
    xsi:schemaLocation="http://www.loc.gov/MARC21/slim http://www.loc.gov/standards/marcxml/schema/MARC21slim.xsd"
    xmlns="http://www.loc.gov/MARC21/slim">

  <leader>00675cam a2200265   4500</leader>
  <controlfield tag="001">28289</controlfield>
  <datafield tag="010" ind1=" " ind2=" ">
    <subfield code="a">9727103529</subfield>
  </datafield>
  <controlfield tag="005">20220405165302.0</controlfield>
  <datafield tag="021" ind1=" " ind2=" ">
    <subfield code="a">PT</subfield>
    <subfield code="b">201004/03</subfield>
  </datafield>
  <datafield tag="090" ind1=" " ind2=" ">
    <subfield code="a">28289</subfield>
  </datafield>
  <datafield tag="100" ind1=" " ind2=" ">
    <subfield code="a">20070904d2003    c  y0pory5003    ba</subfield>
  </datafield>
  <datafield tag="101" ind1="0" ind2=" ">
    <subfield code="a">por</subfield>
  </datafield>
  <datafield tag="102" ind1=" " ind2=" ">
    <subfield code="a">PT</subfield>
  </datafield>
  <datafield tag="105" ind1=" " ind2=" ">
    <subfield code="a">a   z   000yy</subfield>
  </datafield>
  <datafield tag="106" ind1=" " ind2=" ">
    <subfield code="a">r</subfield>
  </datafield>
  <datafield tag="930" ind1=" " ind2=" ">
    <subfield code="l">BECRE/V</subfield>
  </datafield>
  <datafield tag="675" ind1=" " ind2=" ">
    <subfield code="a">087.5</subfield>
    <subfield code="v">BN</subfield>
    <subfield code="z">por</subfield>
  </datafield>
  <datafield tag="675" ind1=" " ind2=" ">
    <subfield code="a">821.134.3-93"19"</subfield>
    <subfield code="v">BN</subfield>
    <subfield code="z">por</subfield>
  </datafield>
  <datafield tag="700" ind1=" " ind2="1">
    <subfield code="a">Soares,</subfield>
    <subfield code="b">Lu&#xED;sa Ducla,</subfield>
    <subfield code="f">1939-</subfield>
    <subfield code="9">2431</subfield>
  </datafield>
  <datafield tag="702" ind1=" " ind2="1">
    <subfield code="a">Leit&#xE3;o,</subfield>
    <subfield code="b">Pedro,</subfield>
    <subfield code="f">1965-</subfield>
    <subfield code="4">440</subfield>
  </datafield>
  <datafield tag="200" ind1="1" ind2=" ">
    <subfield code="a">Contr&#xE1;rios</subfield>
    <subfield code="f">Lu&#xED;sa Ducla Soares</subfield>
    <subfield code="g">il. Pedro Leit&#xE3;o</subfield>
  </datafield>
  <datafield tag="205" ind1=" " ind2=" ">
    <subfield code="a">1a ed</subfield>
  </datafield>
  <datafield tag="210" ind1=" " ind2=" ">
    <subfield code="a">Lisboa</subfield>
    <subfield code="c">terramar,</subfield>
    <subfield code="d">2003</subfield>
  </datafield>
  <datafield tag="215" ind1=" " ind2=" ">
    <subfield code="a">[32] p.</subfield>
    <subfield code="c">il.</subfield>
    <subfield code="d">27 cm</subfield>
  </datafield>
  <datafield tag="990" ind1=" " ind2=" ">
    <subfield code="c">LIVROS</subfield>
  </datafield>
  <datafield tag="995" ind1=" " ind2=" ">
    <subfield code="0">0</subfield>
    <subfield code="1">0</subfield>
    <subfield code="9">38961</subfield>
    <subfield code="b">BECEVIA</subfield>
    <subfield code="d">BECEVIA</subfield>
    <subfield code="f">887BV</subfield>
    <subfield code="k">087.5 SOA</subfield>
    <subfield code="o">0</subfield>
    <subfield code="r">LIVROS</subfield>
    <subfield code="a">BECEVIA</subfield>
    <subfield code="c">BECEVIA</subfield>
    <subfield code="q">18</subfield>
  </datafield>
  <datafield tag="995" ind1=" " ind2=" ">
    <subfield code="0">0</subfield>
    <subfield code="1">0</subfield>
    <subfield code="9">38962</subfield>
    <subfield code="b">BEAGU</subfield>
    <subfield code="d">BEAGU</subfield>
    <subfield code="f">126BA</subfield>
    <subfield code="k">087.5 SOA</subfield>
    <subfield code="o">0</subfield>
    <subfield code="r">LIVROS</subfield>
    <subfield code="a">BEAGU</subfield>
    <subfield code="c">BEAGU</subfield>
    <subfield code="q">18</subfield>
  </datafield>
  <datafield tag="995" ind1=" " ind2=" ">
    <subfield code="0">0</subfield>
    <subfield code="1">0</subfield>
    <subfield code="9">38963</subfield>
    <subfield code="b">BECEVIA</subfield>
    <subfield code="d">BECEVIA</subfield>
    <subfield code="f">545BV</subfield>
    <subfield code="k">087.5 SOA</subfield>
    <subfield code="o">0</subfield>
    <subfield code="r">LIVROS</subfield>
    <subfield code="a">BECEVIA</subfield>
    <subfield code="c">BECEVIA</subfield>
    <subfield code="q">18</subfield>
  </datafield>
  <datafield tag="995" ind1=" " ind2=" ">
    <subfield code="0">0</subfield>
    <subfield code="1">0</subfield>
    <subfield code="9">38964</subfield>
    <subfield code="b">BECEVIA</subfield>
    <subfield code="d">BECEVIA</subfield>
    <subfield code="f">1538BV</subfield>
    <subfield code="k">087.5 SOA</subfield>
    <subfield code="o">0</subfield>
    <subfield code="r">LIVROS</subfield>
    <subfield code="a">BECEVIA</subfield>
    <subfield code="c">BECEVIA</subfield>
    <subfield code="q">18</subfield>
  </datafield>
</record>
